[Event "MK Cafe Cup-B"]
[Site "Koszalin"]
[Date "1999.08.11"]
[Round "8"]
[White "Iwaniuk, Dorota"]
[Black "Agababean, Naira"]
[Result "1-0"]
[WhiteElo "2189"]
[BlackElo "2329"]
[PlyCount "175"]
[EventDate "1999.08.03"]
[EventType "swiss"]
[EventRounds "10"]
[EventCountry "POL"]
[SourceTitle "EXT 2000"]
[Source "ChessBase"]
[SourceDate "1999.11.16"]
[SourceVersion "1"]
[SourceVersionDate "1999.11.16"]
[SourceQuality "1"]

1. e4 c5 2. Nf3 e6 3. d4 cxd4 4. Nxd4 a6 5. Bd3 Qb6 6. Nb3 Qc7 7. 0-0 b5 8. a4 b4 9. a5 Bb7 10. Be3 d5 11. exd5 Bxd5 12. c4 Bb7 13. N1d2 Nf6 14. c5 Nc6 15. Qe2 Be7 16. Nc4 Rd8 17. Nd6+ Bxd6 18. cxd6 Qxd6 19. Bxa6 Bxa6 20. Qxa6 Ng4 21. Bf4 Qxf4 22. Qxc6+ Ke7 23. g3 Qf5 24. Qb7+ Kf6 25. Qxb4 Qh5 26. Qf4+ Kg6 27. h4 e5 28. Qf3 f5 29. Rfc1 h6 30. a6 Kh7 31. a7 e4 32. Qf4 Rhf8 33. Nc5 Qf7 34. Nxe4 fxe4 35. Qxf7 Rxf7 36. a8Q Rxa8 37. Rxa8 Rxf2 38. b4 Rf3 39. Ra2 Rb3 40. Ra4 Rxg3+ 41. Kf1 Rb3 42. h5 Rb2 43. Rc7 Nf6 44. Rc5 e3 45. b5 Nd7 46. Rf5 Nf6 47. Rd4 Rh2 48. Rb4 Nxh5 49. Rf3 Nf6 50. b6 Nd5 51. Rb3 Rh1+ 52. Ke2 Rh2+ 53. Ke1 Ra2 54. b7 Ra1+ 55. Ke2 Ra2+ 56. Kd1 Ra1+ 57. Kc2 e2 58. Rfe3 Nxe3+ 59. Rxe3 e1Q 60. Rxe1 Rxe1 61. b8Q Rg1 62. Kd3 Rg5 63. Ke4 Kg6 64. Qd6+ Kf7 65. Kf4 Kg8 66. Qd8+ Kf7 67. Ke4 Kg6 68. Qg8 Kf6 69. Qe8 Rg4+ 70. Kd5 Rg5+ 71. Kd6 Kf5 72. Qf7+ Kg4 73. Ke6 Kg3 74. Qc7+ Kf3 75. Kf7 Kg4 76. Qc3 Kh4 77. Qf3 h5 78. Qf4+ Rg4 79. Qh2+ Kg5 80. Kxg7 Rf4 81. Qg3+ Rg4 82. Qe5+ Kh4+ 83. Kh6 Kh3 84. Kxh5 Rg2 85. Qe1 Kh2 86. Kh4 Rg1 87. Qf2+ Kh1 88. Qf3+ 1-0

[Event "MK Cafe Cup-B"]
[Site "Koszalin"]
[Date "1999.08.03"]
[Round "1"]
[White "Iwaniuk, Dorota"]
[Black "Khasin, Alexander"]
[Result "0-1"]
[WhiteElo "2189"]
[BlackElo "2511"]
[PlyCount "56"]
[EventDate "1999.08.03"]
[EventType "swiss"]
[EventRounds "10"]
[EventCountry "POL"]
[SourceTitle "EXT 2000"]
[Source "ChessBase"]
[SourceDate "1999.11.16"]
[SourceVersion "1"]
[SourceVersionDate "1999.11.16"]
[SourceQuality "1"]

1. e4 c5 2. Nf3 Nc6 3. d4 cxd4 4. Nxd4 Nf6 5. Nc3 d6 6. Bg5 e6 7. Qd2 a6 8. 0-0-0 h6 9. Be3 Nxd4 10. Bxd4 b5 11. f3 Qc7 12. h4 b4 13. Ne2 e5 14. Be3 Rb8 15. Kb1 Be6 16. g4 d5 17. Ng3 d4 18. Bf2 Nd7 19. Bh3 Nb6 20. g5 Nc4 21. Qc1 Na3+ 22. Ka1 Nxc2+ 23. Kb1 Bxa2+ 24. Kxa2 b3+ 25. Kb1 Qa5 26. Qxc2 bxc2+ 27. Kxc2 Qa4+ 28. Kc1 Qa1+ 0-1

[Event "Polanica Zdroj op-B"]
[Site "Polanica Zdroj"]
[Date "1999.??.??"]
[Round "3"]
[White "Ganin, Maksim"]
[Black "Iwaniuk, Dorota"]
[Result "1-0"]
[WhiteElo "2351"]
[BlackElo "2207"]
[PlyCount "105"]
[EventDate "1999.??.??"]
[EventType "swiss"]
[EventRounds "10"]
[EventCountry "POL"]
[SourceTitle "EXT 2001"]
[Source "ChessBase"]
[SourceDate "2000.11.22"]
[SourceVersion "1"]
[SourceVersionDate "2000.11.22"]
[SourceQuality "1"]

1. d4 Nf6 2. Nf3 e6 3. c4 Bb4+ 4. Bd2 Qe7 5. g3 Nc6 6. Nc3 Bxc3 7. Bxc3 Ne4 8. Qc2 Nxc3 9. Qxc3 0-0 10. Bg2 a5 11. 0-0 d6 12. Rfc1 e5 13. d5 Nb8 14. c5 Na6 15. cxd6 cxd6 16. Qxa5 e4 17. Nd4 Qe5 18. Rd1 Bg4 19. Qd2 Nc5 20. Qf4 f5 21. f3 Bh5 22. Qxe5 dxe5 23. Nxf5 exf3 24. exf3 Rxf5 25. g4 Bxg4 26. fxg4 Rf4 27. h3 Rd8 28. Rac1 b6 29. Rc3 Rb4 30. b3 Rd6 31. Re1 e4 32. Rc4 Rxc4 33. bxc4 Rd8 34. Bxe4 Nxe4 35. Rxe4 Kf7 36. h4 Ra8 37. Kf2 Ra3 38. Ke2 Rxa2+ 39. Kd3 Ra1 40. Re2 Rd1+ 41. Kc3 Rg1 42. Re6 Rxg4 43. Rxb6 Rxh4 44. c5 Rh1 45. Kd4 g5 46. c6 Rc1 47. Rb7+ Ke8 48. Rxh7 g4 49. Rg7 Ra1 50. c7 Rc1 51. d6 Rd1+ 52. Ke5 Re1+ 53. Kf6 1-0

[Event "POL-ch (Women)"]
[Site "Wroclaw"]
[Date "1999.??.??"]
[Round "?"]
[White "Iwaniuk, Dorota"]
[Black "Jaracz, Barbara"]
[Result "0-1"]
[WhiteElo "2205"]
[BlackElo "2210"]
[PlyCount "100"]
[EventDate "1999.03.14"]
[EventType "tourn"]
[EventRounds "11"]
[EventCountry "POL"]
[SourceTitle "EXT 2002"]
[Source "ChessBase"]
[SourceDate "2001.11.25"]
[SourceVersion "1"]
[SourceVersionDate "2001.11.25"]
[SourceQuality "1"]

1. e4 e5 2. Nf3 Nc6 3. Bb5 a6 4. Ba4 Nf6 5. 0-0 Be7 6. Re1 b5 7. Bb3 d6 8. c3 0-0 9. h3 Na5 10. Bc2 c5 11. d4 Qc7 12. Nbd2 cxd4 13. cxd4 Bd7 14. Nf1 Nc6 15. d5 Nb4 16. Bb1 a5 17. Ne3 g6 18. Kh1 Nh5 19. Bd2 Na6 20. Ng1 Nc5 21. Nf5 Bf6 22. Qf3 Nf4 23. Nh6+ Kh8 24. g3 Bg7 25. gxf4 Bxh6 26. Be3 f5 27. fxe5 fxe4 28. Qg3 Bxe3 29. Qxe3 dxe5 30. Rc1 Rac8 31. Bxe4 Qd6 32. Bg2 Bf5 33. Rd1 e4 34. Qd4+ Kg8 35. Rac1 Nd3 36. Rxc8 Rxc8 37. Ne2 Rc2 38. Qe3 Rxb2 39. Rf1 Qxd5 40. Ng3 Qc5 41. Nxf5 Qxf5 42. f3 Qf4 43. Qxe4 Nf2+ 44. Rxf2 Qxe4 45. fxe4 Rxf2 46. e5 Kf8 47. Bd5 Rf5 48. Kg2 Rxe5 49. Bb3 a4 50. Bd1 Rd5 0-1

[Event "Polanica Zdroj op-B"]
[Site "Polanica Zdroj"]
[Date "1999.??.??"]
[Round "7"]
[White "Madej, Jaroslaw"]
[Black "Iwaniuk, Dorota"]
[Result "1-0"]
[WhiteElo "2061"]
[BlackElo "2207"]
[PlyCount "77"]
[EventDate "1999.??.??"]
[EventType "swiss"]
[EventRounds "10"]
[EventCountry "POL"]
[SourceTitle "EXT 2001"]
[Source "ChessBase"]
[SourceDate "2000.11.22"]
[SourceVersion "1"]
[SourceVersionDate "2000.11.22"]
[SourceQuality "1"]

1. e4 c5 2. d4 cxd4 3. c3 dxc3 4. Nxc3 Nc6 5. Nf3 e6 6. Bc4 Qc7 7. Qe2 Nf6 8. e5 Ng4 9. Bf4 Bc5 10. 0-0 0-0 11. h3 Nf6 12. Bh2 Ne8 13. Bd3 Qd8 14. Rad1 b6 15. Rfe1 Bb7 16. Bf4 f5 17. exf6 Nxf6 18. Bc4 Qe7 19. Bg5 Rae8 20. Ne4 d5 21. Nxc5 bxc5 22. Bb5 Qc7 23. Be3 d4 24. Bg5 Nd5 25. Qe4 Nf4 26. Bxf4 Rxf4 27. Qe2 Kh8 28. Ng5 Qe7 29. Qh5 g6 30. Qh6 e5 31. Bxc6 Bxc6 32. Rxe5 Qg7 33. Rxe8+ Bxe8 34. Qxg7+ Kxg7 35. Ne6+ Kf6 36. Nxf4 Ke5 37. Re1+ Kxf4 38. Rxe8 d3 39. Kf1 1-0

[Event "Wch U18 Girls"]
[Site "Oropesa del Mar"]
[Date "1998.10.26"]
[Round "2"]
[White "Morkunaite, Egle"]
[Black "Iwaniuk, Dorota"]
[Result "1-0"]
[WhiteElo "2065"]
[BlackElo "2195"]
[PlyCount "79"]
[EventDate "1998.10.25"]
[EventType "swiss"]
[EventRounds "11"]
[EventCountry "ESP"]
[SourceTitle "CBM 067 Extra"]
[Source "ChessBase"]
[SourceDate "1999.01.01"]
[SourceVersion "1"]
[SourceVersionDate "1999.01.01"]
[SourceQuality "1"]

1. e4 e6 2. d4 d5 3. Nd2 Nf6 4. e5 Nfd7 5. Bd3 c5 6. c3 Nc6 7. Ne2 cxd4 8. cxd4 f6 9. exf6 Nxf6 10. 0-0 Bd6 11. Nf3 0-0 12. Bg5 Bd7 13. Nc3 Be8 14. Re1 Bh5 15. Rxe6 Qd7 16. Bf5 Ne4 17. Rf6 Bxh2+ 18. Nxh2 gxf6 19. Bxd7 Bxd1 20. Bh6 Bh5 21. Bxf8 Kxf8 22. f3 Nxc3 23. bxc3 Rd8 24. Bxc6 bxc6 25. Rb1 Rd7 26. Kf2 Ke7 27. Rb8 Kd6 28. Rf8 Ke7 29. Rg8 Kd6 30. f4 Rb7 31. g4 Bf7 32. Rg7 h6 33. Nf3 Rb2+ 34. Ke3 Ke7 35. g5 hxg5 36. fxg5 Kf8 37. gxf6 Rxa2 38. Ng5 Bh5 39. Ne6+ Ke8 40. Re7# 1-0